LEADER 01171nam a2200253 4500 001 000000343754 003 CaOOAMICUS 005 20210114000000.0 008 210114s2011 it 000 u ita r 020 $a978-88-6512-015-6 040 $aSeMil$bita 100 1 $aAmadei, Roberto,$c.$0(OLS)http://semarc/name/25211 245 10$aNel "sė" l'icona del buon pastore /$cRoberto Amadei ; [prefazione del card. Angelo Scola]. 264 1$aVenezia :$bMarcianum Press,$c2011. 300 $a373 p. :$c21 cm 650 4$aAmadei, Roberto - Scritti, discorsi e omelie, etc.$0(OLS)http://semarc/subject/30300 700 1 $aScola, Angelo,$c,$eautore di prefazione.$0(OLS)http://semarc/name/3364 850 $aSeMil 852 $aSeMil$W1$xVenegono$y1$m3F II 1008$j223706$B234775$CSeMilBibl$Z2$F234775 $81 961 $aTremolada don Maurizio - Omaggio 996 $6020$a978-88-6512-015-6$9(OLS)http://semarc/number/292064 996 $6245$aNel "sė" l'icona del buon pastore$9(OLS)http://semarc/title/432784 996 $6264$aVenezia :$bMarcianum Press$9(OLS)http://semarc/publisher/31536 LEADER 01505nam a2200253 i 4500 001 000000051724 003 CaOOAMICUS 005 20251010143337.0 008 130118s1698 xx u000 u lat u 013 $a22896 026 $ai-i- 3.5. u-o- tiII (3) 1698 (R) 040 $aSeMil$bita 245 10$a[Tomus 1]. 300 $a[28], 762 [i.e. 756], [56] p., [1] carta di tav. :$britr. calcogr. 500 $a Ritratto dell'A. a carta pigreco1v. 500 $aFront. stampato in rosso e nero 500 $aSaltate nella numerazione le p. 385-388 e 737-738 500 $aSegn.: chi1 pg4 ?6 A-3R6 a-d6 e4 500 $aLa carta chi1 bianca 773 0 $aGobat, Georges $tOperum moralium tomi tres in quorum primo habentur experientiae theologicae sive experimentalis theologia qua casibus ... factis non fictis explicatur in ordine ad praxin vniuersa materia septem sacramentorum. In secundo quinarius tractatuum theologo-iuridicorum quo continentur, ... prudentiae edisseruntur. Tractatus quinque 1. Clypeus Clementium ... 5. Accusatio canonica ebriosi, seu theologia iuridico-moralis. In tertio alphabetum quadruplex, sive tractatus quatuor 1. De votis. ... 4. De superstitionibus. Autore r.p. Georgio Gobato, ... Cum quadruplici indice ..$dVenetiis : Sumptibus Iacobi Bertani, 1698.$g1$w()27822 850 $aSeMil 852 $aSeMil$W1$xVenegono$y1$m2F VI 71 FA$j17879$B17879$CSeMilBibl$Z2$F17880 $8I 996 $6245$a[Tomus 1]$9(OLS)http://semarc/title/76787